[Event "Plzen, JF B"]
[Site "?"]
[Date "1999.??.??"]
[Round "1.1"]
[White "Petera, L."]
[Black "Galicek, S."]
[Result "0-1"]
[WhiteElo "1324"]
[BlackElo "1860"]
[PlyCount "42"]
[EventDate "1999.??.??"]
[Source "ChessBase"]
[SourceDate "1996.11.15"]

1. e4 c5 2. Nf3 d6 3. d4 cxd4 4. Nxd4 Nf6 5. Nc3 a6 6. Be3 Ng4 7. Bd2 Qb6 8. f3
Qxd4 9. fxg4 Nc6 10. Qe2 Be6 11. O-O-O g6 12. Kb1 Qb6 13. h3 Bg7 14. g3 Nb4 15.
b3 Rc8 16. Na4 Nxc2 17. Bc1 Qb4 18. Rd2 Bxb3 19. a3 Qxa4 20. Bg2 Qxa3 21. Rxc2
Qa1# 0-1

[Event "Plzen, JF B"]
[Site "?"]
[Date "1999.??.??"]
[Round "1.2"]
[White "Rybak, D."]
[Black "Hruska, V."]
[Result "1-0"]
[WhiteElo "1798"]
[BlackElo "1275"]
[PlyCount "51"]
[EventDate "1999.??.??"]
[Source "ChessBase"]
[SourceDate "1996.11.15"]

1. e4 e5 2. Nf3 Nc6 3. Bc4 Nf6 4. d4 exd4 5. e5 d5 6. Bb5 Ne4 7. Nxd4 Bd7 8.
Bxc6 bxc6 9. O-O Nc5 10. f4 Be7 11. f5 O-O 12. Qg4 Kh8 13. Qf3 f6 14. e6 Be8
15. Nc3 Nb7 16. Nde2 Bd6 17. Nf4 Qe7 18. Kh1 Bc5 19. Qg4 Rg8 20. Qf3 Nd6 21.
Qh3 Qf8 22. Ng6+ Bxg6 23. fxg6 h6 24. e7 Qe8 25. Qh5 Qxe7 26. Bxh6 1-0

[Event "Plzen, JF B"]
[Site "?"]
[Date "1999.??.??"]
[Round "1.3"]
[White "Honzl, O."]
[Black "Sodoma, J."]
[Result "0-1"]
[WhiteElo "1268"]
[BlackElo "1745"]
[PlyCount "76"]
[EventDate "1999.??.??"]
[Source "ChessBase"]
[SourceDate "1996.11.15"]

1. e4 e5 2. Nf3 Nc6 3. Bc4 Bc5 4. Nc3 d6 5. d3 Be6 6. Bb3 Qd7 7. Be3 Bb6 8. Qe2
Nf6 9. Na4 Ne7 10. Nxb6 axb6 11. Bxe6 fxe6 12. c3 c5 13. O-O O-O 14. Nd2 d5 15.
f4 exf4 16. Bxf4 d4 17. Nc4 Ra6 18. Ne5 Qd8 19. Ng4 Ng6 20. Bg5 e5 21. c4 Qd6
22. g3 Nd7 23. Rxf8+ Ngxf8 24. Nf2 Qc6 25. Qc2 b5 26. b3 bxc4 27. Qxc4+ Ne6 28.
a4 b5 29. Qc1 bxa4 30. bxa4 Rxa4 31. Rxa4 Qxa4 32. Bd2 Nb6 33. Nd1 Qb5 34. Nb2
Nc7 35. Nc4 Nxc4 36. Qxc4+ Qxc4 37. dxc4 Ne8 38. Kf2 Nd6 0-1

[Event "Plzen, JF B"]
[Site "?"]
[Date "1999.??.??"]
[Round "1.4"]
[White "Svoboda, Jar"]
[Black "Rehak, M."]
[Result "1-0"]
[WhiteElo "1740"]
[BlackElo "1259"]
[PlyCount "83"]
[EventDate "1999.??.??"]
[Source "ChessBase"]
[SourceDate "1996.11.15"]

1. e4 e5 2. Nf3 Nc6 3. c3 Nf6 4. d4 exd4 5. e5 Qe7 6. cxd4 d6 7. Bb5 Bd7 8. O-O
Nd5 9. Re1 O-O-O 10. Bg5 Qe6 11. exd6 Qxd6 12. Bxd8 Kxd8 13. Ne5 Nxe5 14. dxe5
Qe6 15. Bc4 c6 16. Qf3 Bc5 17. Nc3 Bb4 18. Rad1 Kc8 19. Nxd5 cxd5 20. Bxd5 Qb6
21. Bxb7+ Qxb7 22. Qxb7+ Kxb7 23. Rxd7+ Kc6 24. Red1 Re8 25. Rxf7 Rxe5 26. Rxg7
Re2 27. Rxh7 Rxb2 28. Rxa7 Re2 29. h4 Be7 30. Rxe7 Rxe7 31. h5 Rh7 32. g4 Kc5
33. Kg2 Kb4 34. Kg3 Ka3 35. Kh4 Rg7 36. h6 Rf7 37. Rd2 Rh7 38. g5 Re7 39. f4
Rf7 40. Kg4 Kb4 41. g6 Rf6 42. Kg5 1-0

[Event "Plzen, JF B"]
[Site "?"]
[Date "1999.??.??"]
[Round "1.5"]
[White "Fastova, K."]
[Black "Barton, J."]
[Result "0-1"]
[WhiteElo "1255"]
[BlackElo "1705"]
[PlyCount "90"]
[EventDate "1999.??.??"]
[Source "ChessBase"]
[SourceDate "1996.11.15"]

1. e4 d5 2. exd5 Nf6 3. d4 Nxd5 4. Nf3 g6 5. Nbd2 Bg7 6. Nb3 Nc6 7. Be2 O-O 8.
O-O e5 9. dxe5 Nxe5 10. Nxe5 Bxe5 11. Bf3 c6 12. Re1 Re8 13. c4 Qh4 14. g3 Qxc4
15. Bh6 Bf5 16. Qd2 Rad8 17. Rac1 Qa4 18. Nc5 Qb5 19. Nb3 Nc3 20. Nd4 Qb6 21.
bxc3 c5 22. Rcd1 cxd4 23. cxd4 Bg7 24. Be3 Be4 25. Bxe4 Rxe4 26. d5 Qc7 27. Bf4
Rxe1+ 28. Rxe1 Qd7 29. d6 Bf8 30. Rd1 h6 31. Qd4 b6 32. Be5 Rc8 33. Kg2 Rc2 34.
a3 Rc6 35. Kg1 Rc8 36. a4 Rc6 37. Bh8 Rxd6 38. Qxd6 Bxd6 39. Be5 Qxa4 40. Rxd6
g5 41. Bc3 Qc4 42. Bb2 Qc2 43. Be5 Qb1+ 44. Kg2 Qe4+ 45. f3 Qxe5 0-1

[Event "Plzen, JF B"]
[Site "?"]
[Date "1999.??.??"]
[Round "1.6"]
[White "Horacek, D."]
[Black "Bim, T."]
[Result "1-0"]
[WhiteElo "1704"]
[BlackElo "1550"]
[PlyCount "107"]
[EventDate "1999.??.??"]
[Source "ChessBase"]
[SourceDate "1996.11.15"]

1. e4 e5 2. Nf3 Nc6 3. d4 exd4 4. Nxd4 Nf6 5. Nxc6 bxc6 6. Bd3 Bc5 7. O-O O-O
8. Bg5 h6 9. Bh4 Be7 10. Nc3 Rb8 11. b3 d6 12. Re1 Re8 13. h3 Bb7 14. f4 c5 15.
e5 dxe5 16. fxe5 Nd5 17. Bxe7 Qxe7 18. Nxd5 Bxd5 19. Qg4 Qe6 20. Bf5 Qe7 21.
Rad1 Be6 22. Bxe6 Qxe6 23. Qxe6 Rxe6 24. Rd7 Rc6 25. Red1 a6 26. Re7 c4 27.
Rdd7 Rf8 28. bxc4 Rxc4 29. e6 Rf4 30. Rxc7 Rf6 31. exf7+ R8xf7 32. Rxf7 Rxf7
33. Rxf7 Kxf7 34. Kf2 Ke6 35. Ke3 Kd5 36. Kd3 g5 37. c4+ Ke5 38. g3 h5 39. Ke3
Kf5 40. Kd4 Ke6 41. c5 a5 42. a4 h4 43. gxh4 gxh4 44. Ke4 Kd7 45. Kd5 Kc7 46.
c6 Kc8 47. Kc5 Kc7 48. Kb5 Kb8 49. Kxa5 Ka7 50. Kb5 Kb8 51. Kb6 Kc8 52. c7 Kd7
53. Kb7 Kd6 54. c8=Q 1-0

[Event "Plzen, JF B"]
[Site "?"]
[Date "1999.??.??"]
[Round "1.7"]
[White "Konig, M."]
[Black "Fiser, J."]
[Result "0-1"]
[WhiteElo "1550"]
[BlackElo "1683"]
[PlyCount "36"]
[EventDate "1999.??.??"]
[Source "ChessBase"]
[SourceDate "1996.11.15"]

1. e4 e6 2. d4 d5 3. e5 c5 4. Nf3 cxd4 5. Nxd4 Nc6 6. Nxc6 bxc6 7. Nc3 Bb4 8.
Bd3 d4 9. Bd2 dxc3 10. bxc3 Bc5 11. O-O Ne7 12. Re1 Qc7 13. Rb1 Ng6 14. Bxg6
hxg6 15. Bg5 f6 16. exf6 Qxh2+ 17. Kf1 Ba6+ 18. Re2 Qh1# 0-1

[Event "Plzen, JF B"]
[Site "?"]
[Date "1999.??.??"]
[Round "1.8"]
[White "Barton, O."]
[Black "Kracikova, K."]
[Result "1-0"]
[WhiteElo "1673"]
[BlackElo "1550"]
[PlyCount "41"]
[EventDate "1999.??.??"]
[Source "ChessBase"]
[SourceDate "1996.11.15"]

1. e4 e5 2. Nf3 Nc6 3. Bc4 Nf6 4. Ng5 d5 5. exd5 Nxd5 6. Nxf7 Qd7 7. Nxh8 b6 8.
Nc3 Nf4 9. Bf7+ Kd8 10. O-O Bb7 11. d3 Nh3+ 12. gxh3 Qxh3 13. Bd5 Bd6 14. Nf7+
Kd7 15. Nxd6 Kxd6 16. Qf3 Qh4 17. Qf7 Qg4+ 18. Kh1 h5 19. Ne4+ Qxe4+ 20. dxe4
Nd4 21. Bxb7 1-0

[Event "Plzen, JF B"]
[Site "?"]
[Date "1999.??.??"]
[Round "1.9"]
[White "Martinek, P."]
[Black "Sedy, P."]
[Result "0-1"]
[WhiteElo "1550"]
[BlackElo "1671"]
[PlyCount "55"]
[EventDate "1999.??.??"]
[Source "ChessBase"]
[SourceDate "1996.11.15"]

1. e4 e6 2. d4 d5 3. Nd2 Nf6 4. e5 Nfd7 5. Bd3 c5 6. c3 Nc6 7. Ne2 Qb6 8. Nf3
cxd4 9. cxd4 Be7 10. O-O O-O 11. a3 a5 12. Bc2 Re8 13. Qd3 Nf8 14. Rb1 h6 15.
h3 Bd7 16. Nh2 f5 17. Qg3 Kh8 18. Nf3 Rec8 19. Bd2 Nxe5 20. Nxe5 Rxc2 21. Nf4
Rxd2 22. Nfg6+ Nxg6 23. Nxg6+ Kh7 24. Nxe7 Be8 25. Qe5 Bf7 26. Rbc1 Rf8 27. Rc7
Rxd4 28. Ng6 0-1

[Event "Plzen, JF B"]
[Site "?"]
[Date "1999.??.??"]
[Round "1.10"]
[White "Smid, M."]
[Black "Pokorny, J."]
[Result "1-0"]
[WhiteElo "1669"]
[BlackElo "1550"]
[PlyCount "91"]
[EventDate "1999.??.??"]
[Source "ChessBase"]
[SourceDate "1996.11.15"]

1. e4 e5 2. Nf3 Nc6 3. Bc4 Nf6 4. d4 d6 5. dxe5 Nxe5 6. Nxe5 dxe5 7. Bxf7+ Ke7
8. Qxd8+ Kxd8 9. Bg5 h6 10. Bxf6+ gxf6 11. Nc3 Rh7 12. O-O-O+ Bd6 13. Bb3 Bd7
14. Rd3 Rg7 15. Rg3 Rxg3 16. hxg3 Bf8 17. Nd5 Bg7 18. f4 c6 19. Ne3 a5 20. f5
a4 21. Bc4 b5 22. Be6 a3 23. b3 Be8 24. Ng4 h5 25. Nf2 Bh6+ 26. Kd1 Ra6 27. Ke2
c5 28. g4 Rd6 29. Bd5 b4 30. gxh5 Bb5+ 31. Kf3 Rd7 32. Ng4 Rh7 33. Nxf6 Rh8 34.
Ng4 Be8 35. Nxh6 Rxh6 36. g4 Rh7 37. Kg3 Rd7 38. h6 Rh7 39. g5 Ke7 40. g6 Rh8
41. g7 Rxh6 42. Rxh6 c4 43. g8=Q c3 44. Rh7+ Kd8 45. Qf8 Kc8 46. Qxe8# 1-0

[Event "Plzen, JF B"]
[Site "?"]
[Date "1999.??.??"]
[Round "1.11"]
[White "Simlova, J."]
[Black "Marous, R."]
[Result "0-1"]
[WhiteElo "1550"]
[BlackElo "1665"]
[PlyCount "80"]
[EventDate "1999.??.??"]
[Source "ChessBase"]
[SourceDate "1996.11.15"]

1. e4 Nf6 2. Nc3 d5 3. exd5 Nxd5 4. Bc4 e6 5. Qe2 Be7 6. Nf3 c6 7. O-O O-O 8.
d4 Nd7 9. Re1 Bd6 10. Qe4 N7f6 11. Qh4 Qa5 12. Bg5 h6 13. Nxd5 exd5 14. Bxf6
dxc4 15. Re4 Bf5 16. Qh5 Qd5 17. Rh4 Bg6 18. Qxd5 cxd5 19. Be5 Bxe5 20. Nxe5
Bxc2 21. Rc1 Bh7 22. Re1 Rfe8 23. Rf4 f6 24. Nf3 Kf7 25. h3 g5 26. Rg4 Rxe1+
27. Nxe1 Re8 28. Kf1 h5 29. Rg3 Re4 30. Nc2 Rf4 31. Nb4 Rxd4 32. Ra3 a6 33. Ra5
Ke6 34. Ke2 Kd6 35. f3 Bg8 36. Ke3 Rd1 37. Ke2 Rb1 38. b3 Rb2+ 39. Ke3 cxb3 40.
axb3 Rxb3+ 0-1

[Event "Plzen, JF B"]
[Site "?"]
[Date "1999.??.??"]
[Round "1.12"]
[White "Studnicka, T."]
[Black "Simlova, K."]
[Result "1-0"]
[WhiteElo "1651"]
[BlackElo "1550"]
[PlyCount "55"]
[EventDate "1999.??.??"]
[Source "ChessBase"]
[SourceDate "1996.11.15"]

1. e4 e5 2. Nf3 Nc6 3. Bb5 Nf6 4. O-O Nxe4 5. Re1 Nd6 6. Bxc6 dxc6 7. Rxe5+ Be7
8. d4 O-O 9. Nc3 Bf6 10. Bg5 Bg4 11. Bxf6 Qxf6 12. Ne4 Qg6 13. Ng3 Nc4 14. Re7
Qd6 15. Qe2 Bxf3 16. gxf3 Qxd4 17. Rd1 Qf6 18. Rxc7 Nxb2 19. Rdd7 Rfe8 20. Qf1
Qxf3 21. Rxb7 Qf6 22. Qc1 Nc4 23. Rxf7 Qc3 24. Rxg7+ Qxg7 25. Rxg7+ Kxg7 26.
Qg5+ Kh8 27. Qf6+ Kg8 28. Nf5 1-0

[Event "Plzen, JF B"]
[Site "?"]
[Date "1999.??.??"]
[Round "1.13"]
[White "Soral, D."]
[Black "Novy, V."]
[Result "0-1"]
[WhiteElo "1550"]
[BlackElo "1646"]
[PlyCount "54"]
[EventDate "1999.??.??"]
[Source "ChessBase"]
[SourceDate "1996.11.15"]

1. e4 c5 2. Bc4 d6 3. Nc3 Nc6 4. Nf3 g6 5. d4 cxd4 6. Nxd4 Bg7 7. Nxc6 bxc6 8.
O-O Nf6 9. e5 dxe5 10. Qxd8+ Kxd8 11. Bxf7 e6 12. Be3 Ke7 13. Bxe6 Bxe6 14.
Bc5+ Kf7 15. Rad1 Rad8 16. Rxd8 Rxd8 17. Bxa7 Rd2 18. Rc1 Bh6 19. Be3 Bxe3 20.
fxe3 Nd5 21. Ne4 Re2 22. Rf1+ Ke7 23. Rc1 Nxe3 24. g3 Rg2+ 25. Kh1 Bd5 26. Nc3
Bf3 27. Re1 Rxg3# 0-1

[Event "Plzen, JF B"]
[Site "?"]
[Date "1999.??.??"]
[Round "1.14"]
[White "Bauer, J."]
[Black "Toman, J."]
[Result "1-0"]
[WhiteElo "1575"]
[BlackElo "1550"]
[PlyCount "73"]
[EventDate "1999.??.??"]
[Source "ChessBase"]
[SourceDate "1996.11.15"]

1. d4 d5 2. c4 e6 3. Nc3 Nf6 4. Bg5 Nbd7 5. Nf3 Nb6 6. cxd5 exd5 7. e3 Be7 8.
Bd3 Bg4 9. h3 Bh5 10. Rc1 O-O 11. Qc2 Bg6 12. O-O Bxd3 13. Qxd3 c6 14. Bxf6
Bxf6 15. b4 a6 16. a4 Nc4 17. Nd2 Nxd2 18. Qxd2 Qd7 19. Qd3 Rfc8 20. Rc2 Rc7
21. Rfc1 Rac8 22. Qe2 h6 23. Qg4 Qxg4 24. hxg4 Rd7 25. Ne2 Rdc7 26. Nf4 Rd7 27.
b5 axb5 28. axb5 Rd6 29. Rc5 Rcd8 30. bxc6 bxc6 31. Rxc6 R6d7 32. Rc8 Bg5 33.
Nd3 Kf8 34. Rxd8+ Rxd8 35. Rc5 Ke7 36. Ne5 Rd6 37. Rc7+ 1-0

[Event "Plzen, JF B"]
[Site "?"]
[Date "1999.??.??"]
[Round "1.15"]
[White "Jurek, M."]
[Black "Straka, V."]
[Result "0-1"]
[WhiteElo "1350"]
[BlackElo "1572"]
[PlyCount "52"]
[EventDate "1999.??.??"]
[Source "ChessBase"]
[SourceDate "1996.11.15"]

1. e4 e6 2. Nf3 d5 3. e5 c5 4. b3 Nc6 5. Bb2 Qc7 6. d4 cxd4 7. Bb5 Qa5+ 8. Qd2
Qxb5 9. Nxd4 Nxd4 10. Qxd4 Qb4+ 11. Bc3 Qxd4 12. Bxd4 Ne7 13. O-O Nc6 14. c3 b6
15. Nd2 Nxd4 16. cxd4 Bb4 17. Nf3 O-O 18. Rfc1 Ba6 19. a3 Be7 20. g4 Rac8 21.
Kg2 Rxc1 22. Rxc1 Rc8 23. Rxc8+ Bxc8 24. b4 a5 25. bxa5 bxa5 26. a4 Bd7 0-1

[Event "Plzen, JF B"]
[Site "?"]
[Date "1999.??.??"]
[Round "1.16"]
[White "Svoboda, Jan"]
[Black "Karbusicky, O."]
[Result "1-0"]
[WhiteElo "1553"]
[BlackElo "1350"]
[PlyCount "41"]
[EventDate "1999.??.??"]
[Source "ChessBase"]
[SourceDate "1996.11.15"]

1. e4 e5 2. Nf3 Nc6 3. Bc4 Bc5 4. d3 Nf6 5. Bg5 h6 6. Bh4 O-O 7. Nc3 d6 8. Nd5
Be6 9. Nxf6+ gxf6 10. Qd2 Bxc4 11. Qxh6 d5 12. Bxf6 Qxf6 13. Qxf6 Be7 14. Qh6
Nb4 15. O-O Bb5 16. Nxe5 Bd6 17. Ng4 Be7 18. e5 Nxc2 19. Nf6+ Bxf6 20. exf6
Nxa1 21. Qg7# 1-0

[Event "Plzen, JF B"]
[Site "?"]
[Date "1999.??.??"]
[Round "1.17"]
[White "Kracikova, L."]
[Black "Kralovec, V."]
[Result "0-1"]
[WhiteElo "1350"]
[BlackElo "1536"]
[PlyCount "54"]
[EventDate "1999.??.??"]
[Source "ChessBase"]
[SourceDate "1996.11.15"]

1. e4 d6 2. Nc3 g6 3. d3 Bg7 4. Bd2 Nf6 5. Nf3 O-O 6. Be2 Nbd7 7. O-O c6 8. Rb1
b5 9. Qc1 Bb7 10. Re1 Rc8 11. Bh6 b4 12. Nd1 c5 13. b3 d5 14. Qe3 Ng4 15. Qc1
Bxh6 16. Qb2 Bg7 17. Qc1 dxe4 18. dxe4 Nde5 19. Ne3 Qc7 20. g3 Bxe4 21. Nxg4
Nxf3+ 22. Bxf3 Bxf3 23. Ne3 Rcd8 24. h4 Bc3 25. Rf1 Bd2 26. Qb2 Bxe3 27. fxe3
Qxg3# 0-1

[Event "Plzen, JF B"]
[Site "?"]
[Date "1999.??.??"]
[Round "1.18"]
[White "Priborsky, I."]
[Black "Matousek, Li"]
[Result "1-0"]
[WhiteElo "1525"]
[BlackElo "1350"]
[PlyCount "35"]
[EventDate "1999.??.??"]
[Source "ChessBase"]
[SourceDate "1996.11.15"]

1. e4 e5 2. Nf3 Nc6 3. Bc4 Nf6 4. d4 exd4 5. e5 Ne4 6. Bd5 f5 7. exf6 Bb4+ 8.
Bd2 Bxd2+ 9. Nbxd2 Nxd2 10. f7+ Kf8 11. Qxd2 Ne7 12. Bb3 c5 13. O-O d5 14. Rfe1
c4 15. Ba4 Be6 16. Rxe6 Kxf7 17. Qf4+ Kxe6 18. Nxd4# 1-0

[Event "Plzen, JF B"]
[Site "?"]
[Date "1999.??.??"]
[Round "1.19"]
[White "Matousek, Lu"]
[Black "Grobelsek, M."]
[Result "1-0"]
[WhiteElo "1350"]
[BlackElo "1500"]
[PlyCount "33"]
[EventDate "1999.??.??"]
[Source "ChessBase"]
[SourceDate "1996.11.15"]

1. e4 e5 2. Nf3 Nc6 3. Nc3 d6 4. Bc4 Bg4 5. O-O Nd4 6. Be2 Nxe2+ 7. Qxe2 c6 8.
h3 Bh5 9. d3 Be7 10. Be3 Nf6 11. d4 d5 12. dxe5 dxe4 13. Rad1 Qc7 14. exf6 exf3
15. gxf3 Qe5 16. Bd4 Qf4 17. Qxe7# 1-0

[Event "Plzen, JF B"]
[Site "?"]
[Date "1999.??.??"]
[Round "1.20"]
[White "Stich, M."]
[Black "Momotov, I."]
[Result "1-0"]
[WhiteElo "1495"]
[BlackElo "1350"]
[PlyCount "59"]
[EventDate "1999.??.??"]
[Source "ChessBase"]
[SourceDate "1996.11.15"]

1. e4 e5 2. Nf3 Nc6 3. Bc4 Nf6 4. d4 exd4 5. O-O Nxe4 6. Re1 Na5 7. Rxe4+ Be7
8. Qxd4 c6 9. Bb3 O-O 10. Re1 d6 11. Bd2 c5 12. Bxa5 cxd4 13. Bxd8 Rxd8 14.
Rxe7 Rf8 15. Ng5 h6 16. Nxf7 Bf5 17. Nxh6+ Kh8 18. Nxf5 Rae8 19. Nd2 Rxe7 20.
Nxe7 Re8 21. Re1 a5 22. Ng6+ Kh7 23. Rxe8 Kxg6 24. Rf8 a4 25. Bxa4 d3 26. cxd3
d5 27. Be8+ Kh7 28. Nf3 b6 29. h4 Kh6 30. Rh8# 1-0

[Event "Plzen, JF B"]
[Site "?"]
[Date "1999.??.??"]
[Round "1.21"]
[White "Palkova, K."]
[Black "Priborsky, M."]
[Result "0-1"]
[WhiteElo "1350"]
[BlackElo "1487"]
[PlyCount "108"]
[EventDate "1999.??.??"]
[Source "ChessBase"]
[SourceDate "1996.11.15"]

1. e4 e5 2. Nf3 Nc6 3. Bc4 Nf6 4. d3 Be7 5. Nc3 O-O 6. Bg5 d6 7. h3 Na5 8. Bb3
Nxb3 9. axb3 h6 10. Bxf6 Bxf6 11. O-O c6 12. d4 exd4 13. Nxd4 Re8 14. Re1 d5
15. Nf5 dxe4 16. Qxd8 Rxd8 17. Ng3 Rd2 18. Ngxe4 Rxc2 19. Nxf6+ gxf6 20. Re8+
Kg7 21. Rb1 b6 22. Ne4 Bb7 23. Re7 Bc8 24. Nd6 Be6 25. b4 Rd8 26. Ne4 Rd4 27.
Ng3 Rd7 28. Nh5+ Kf8 29. Rxd7 Bxd7 30. Nxf6 Bf5 31. Re1 Be6 32. b3 Rc3 33. g4
Rxb3 34. Kg2 Rxb4 35. g5 hxg5 36. Nh7+ Ke7 37. Nxg5 a5 38. Nxe6 fxe6 39. Kg3 a4
40. h4 a3 41. h5 Ra4 42. h6 Ra8 43. Ra1 b5 44. h7 b4 45. f4 Rh8 46. Re1 Rxh7
47. f5 Rh6 48. fxe6 Rxe6 49. Rb1 a2 50. Ra1 b3 51. Kf4 b2 52. Rxa2 b1=Q 53.
Ra7+ Kd6 54. Ra6 Qf1+ 0-1

[Event "Plzen, JF B"]
[Site "?"]
[Date "1999.??.??"]
[Round "1.22"]
[White "Bernerova, M."]
[Black "Smazalova, H."]
[Result "1-0"]
[WhiteElo "1485"]
[BlackElo "1350"]
[PlyCount "71"]
[EventDate "1999.??.??"]
[Source "ChessBase"]
[SourceDate "1996.11.15"]

1. e4 d5 2. exd5 Nf6 3. d4 Nxd5 4. c4 Nb4 5. Qa4+ N8c6 6. a3 b5 7. cxb5 Nxd4 8.
axb4 Bd7 9. Be3 Nf5 10. Qb3 e5 11. Bc4 Qe7 12. Bc5 Qf6 13. Ne2 Qg6 14. Qf3 Rc8
15. g3 Be7 16. Nd2 O-O 17. Bd3 Qg5 18. Bxf5 Bxc5 19. Bxd7 Rcd8 20. bxc5 Rxd7
21. Ne4 Qg6 22. O-O Rfd8 23. N2c3 Rd3 24. Qe2 f5 25. Ra6 Qf7 26. Ng5 Qe7 27.
Nf3 e4 28. Ne1 Rd2 29. Qc4+ Kh8 30. Ng2 Rxb2 31. Rxa7 Rbd2 32. b6 Rb8 33. bxc7
Rc8 34. Nb5 Rd7 35. Rb7 Rdxc7 36. Nxc7 1-0

[Event "Plzen, JF B"]
[Site "?"]
[Date "1999.??.??"]
[Round "1.23"]
[White "Smid, J."]
[Black "Kracik, M."]
[Result "1-0"]
[WhiteElo "1350"]
[BlackElo "1458"]
[PlyCount "53"]
[EventDate "1999.??.??"]
[Source "ChessBase"]
[SourceDate "1996.11.15"]

1. e4 e5 2. Nf3 Nc6 3. Bb5 Nf6 4. Nc3 d6 5. d4 exd4 6. Nxd4 Bd7 7. O-O Be7 8.
Re1 a6 9. Nxc6 Bxc6 10. Bxc6+ bxc6 11. e5 Nd7 12. exd6 cxd6 13. Qxd6 Nb8 14.
Qxd8+ Kxd8 15. Be3 Kc7 16. Bf4+ Kd8 17. Rad1+ Nd7 18. Bc7+ Kxc7 19. Rxe7 Rad8
20. Rxf7 Rhg8 21. Na4 Kc8 22. Rdxd7 Rxd7 23. Nb6+ Kc7 24. Nxd7 Kd6 25. Rf8 Rxf8
26. Nxf8 h6 27. Ng6 1-0

[Event "Plzen, JF B"]
[Site "?"]
[Date "1999.??.??"]
[Round "1.24"]
[White "Cervinka, R."]
[Black "Tolar, J."]
[Result "1-0"]
[WhiteElo "1444"]
[BlackElo "1350"]
[PlyCount "63"]
[EventDate "1999.??.??"]
[Source "ChessBase"]
[SourceDate "1996.11.15"]

1. e4 c5 2. Nf3 d6 3. d4 cxd4 4. Nxd4 Nf6 5. Nc3 e6 6. Be2 a6 7. O-O Nc6 8. Be3
Be7 9. Qd2 O-O 10. Rad1 Qc7 11. a3 Nxd4 12. Bxd4 e5 13. Be3 Rd8 14. Bf3 Bg4 15.
Qe2 Bxf3 16. Qxf3 Qc8 17. h3 Qe6 18. Rd3 Rd7 19. Rfd1 Ne8 20. Nd5 Nf6 21. Nb6
Rdd8 22. Nxa8 Rxa8 23. Bg5 Rc8 24. Bxf6 Qxf6 25. Qxf6 gxf6 26. R1d2 b5 27. Kf1
Rc4 28. f3 b4 29. Ke2 bxa3 30. bxa3 d5 31. exd5 Bxa3 32. Rxa3 1-0

[Event "Plzen, JF B"]
[Site "?"]
[Date "1999.??.??"]
[Round "1.25"]
[White "Bouska, M."]
[Black "Priborsky, J."]
[Result "0-1"]
[WhiteElo "1250"]
[BlackElo "1444"]
[PlyCount "46"]
[EventDate "1999.??.??"]
[Source "ChessBase"]
[SourceDate "1996.11.15"]

1. e4 e5 2. Nf3 Nc6 3. Bc4 Nf6 4. Ng5 d5 5. exd5 Na5 6. Bb5+ Bd7 7. Qe2 Be7 8.
Nc3 O-O 9. Bxd7 Qxd7 10. Qxe5 Bd6 11. Qd4 Rfe8+ 12. Ne2 h6 13. Nf3 Re4 14. Qd3
Rae8 15. Nfg1 Nh5 16. g3 Bc5 17. b3 Qf5 18. f3 Bxg1 19. Kf1 Qh3+ 20. Ke1 Rxe2+
21. Qxe2 Rxe2+ 22. Kxe2 Qg2+ 23. Kd3 Qxh1 0-1

[Event "Plzen, JF B"]
[Site "?"]
[Date "1999.??.??"]
[Round "1.26"]
[White "Vogeltanz, M."]
[Black "Franta, S."]
[Result "1-0"]
[WhiteElo "1429"]
[BlackElo "1250"]
[PlyCount "47"]
[EventDate "1999.??.??"]
[Source "ChessBase"]
[SourceDate "1996.11.15"]

1. e4 e5 2. Nf3 Nc6 3. d4 f6 4. Bc4 b6 5. dxe5 fxe5 6. Nxe5 Nxe5 7. Qh5+ g6 8.
Qxe5+ Qe7 9. Qxh8 Qxe4+ 10. Be2 Qxg2 11. Rf1 Qd5 12. Qxh7 Qe6 13. Rg1 Nf6 14.
Qxg6+ Kd8 15. Bg5 Be7 16. Bxf6 Bxf6 17. Qg8+ Qxg8 18. Rxg8+ Ke7 19. Nc3 Kf7 20.
Bc4+ Ke7 21. Nd5+ Kd6 22. Nxf6 Ke5 23. Nxd7+ Kd4 24. Rg4# 1-0

[Event "Plzen, JF B"]
[Site "?"]
[Date "1999.??.??"]
[Round "1.27"]
[White "Kovar, J."]
[Black "Zemen, J."]
[Result "0-1"]
[WhiteElo "1250"]
[BlackElo "1375"]
[PlyCount "80"]
[EventDate "1999.??.??"]
[Source "ChessBase"]
[SourceDate "1996.11.15"]

1. d4 d5 2. c4 e6 3. Nf3 c5 4. e3 Nc6 5. Be2 Be7 6. O-O Nf6 7. Nc3 O-O 8. a3
cxd4 9. exd4 dxc4 10. Bxc4 b6 11. d5 Na5 12. Ne5 Nxc4 13. Nxc4 Nxd5 14. Qf3 Nc7
15. Bf4 Ba6 16. Rfd1 Qc8 17. Nd6 Bxd6 18. Bxd6 Rd8 19. Qg3 Ne8 20. Be5 Rxd1+
21. Rxd1 Qb7 22. Ne4 Qxe4 23. h3 Qg6 24. Qf3 Rc8 25. Rd7 Qf5 26. Bc3 Qxf3 27.
gxf3 Ra8 28. Kg2 Nf6 29. Rd1 Nd5 30. Bd2 Rd8 31. Bc1 Nf4+ 32. Bxf4 Rxd1 33. h4
Rd4 34. Kg3 Bb7 35. b4 Rd3 36. Kg4 Rxf3 37. Bg3 g6 38. a4 h5+ 39. Kh3 f5 40. a5
f4 0-1

[Event "Plzen, JF B"]
[Site "?"]
[Date "1999.??.??"]
[Round "2.1"]
[White "Galicek, S."]
[Black "Bauer, J."]
[Result "1-0"]
[WhiteElo "1860"]
[BlackElo "1575"]
[PlyCount "121"]
[EventDate "1999.??.??"]
[Source "ChessBase"]
[SourceDate "1996.11.15"]

1. d4 Nf6 2. c4 g6 3. Nc3 Bg7 4. e4 d6 5. f3 O-O 6. Be3 Nbd7 7. Bd3 c5 8. d5 a6
9. Nge2 Ne5 10. O-O Bd7 11. a4 Rb8 12. Rb1 Qe8 13. b4 b6 14. h3 Qc8 15. Rf2 Ne8
16. f4 Nxd3 17. Qxd3 f5 18. Ng3 fxe4 19. Ncxe4 Nf6 20. Ng5 Nh5 21. N3e4 h6 22.
g4 hxg5 23. gxh5 Bxh3 24. Nxg5 Bf5 25. Ne4 gxh5 26. Rg2 Kh8 27. Kf2 Bxe4 28.
Qxe4 Qf5 29. Qxf5 Rxf5 30. Kf3 Rbf8 31. Ke4 Bc3 32. bxc5 bxc5 33. Rb7 R5f7 34.
Rh2 Rh7 35. Rh3 Bb4 36. Bc1 Be1 37. Rh1 Bf2 38. Ra7 h4 39. Kf3 Bg3 40. Rxa6 Rb8
41. a5 Rf7 42. Rb6 Rff8 43. Bd2 Kg7 44. Rhb1 Ra8 45. Rb7 Kf6 46. R1b6 Rf7 47.
a6 Rh7 48. Kg2 h3+ 49. Kh1 h2 50. Be3 Rg7 51. a7 Bxf4 52. Bxf4 Rg1+ 53. Kxh2
Ra1 54. Rb2 R8xa7 55. Rxa7 Rxa7 56. Kg3 e5 57. Bd2 Rg7+ 58. Kf3 Rh7 59. Rb6 Rd7
60. Ke4 Ke7 61. Bg5+ 1-0

[Event "Plzen, JF B"]
[Site "?"]
[Date "1999.??.??"]
[Round "2.2"]
[White "Straka, V."]
[Black "Rybak, D."]
[Result "0-1"]
[WhiteElo "1572"]
[BlackElo "1798"]
[PlyCount "36"]
[EventDate "1999.??.??"]
[Source "ChessBase"]
[SourceDate "1996.11.15"]

1. e4 e5 2. Nf3 Nc6 3. Bb5 f5 4. d3 fxe4 5. dxe4 Nf6 6. O-O Bc5 7. Nc3 d6 8. h3
O-O 9. Bg5 Kh8 10. Nd5 Be6 11. Nxf6 gxf6 12. Bh4 Qe8 13. g4 h5 14. Nh2 Qg6 15.
Bd3 hxg4 16. hxg4 Qh6 17. Bg3 Qh3 18. Re1 Qxg3+ 0-1

[Event "Plzen, JF B"]
[Site "?"]
[Date "1999.??.??"]
[Round "2.3"]
[White "Sodoma, J."]
[Black "Svoboda, Jan"]
[Result "1-0"]
[WhiteElo "1745"]
[BlackElo "1553"]
[PlyCount "85"]
[EventDate "1999.??.??"]
[Source "ChessBase"]
[SourceDate "1996.11.15"]

1. e4 e5 2. Nf3 Nc6 3. d4 exd4 4. Nxd4 Bc5 5. Be3 Qf6 6. c3 Nge7 7. Bc4 O-O 8.
O-O Re8 9. Nb5 Bd6 10. Nxd6 cxd6 11. Na3 a6 12. Bb6 Ng6 13. Re1 Nce5 14. Qd4
Nh4 15. Kh1 Qg6 16. Bf1 Nef3 17. Qd5 Re5 18. gxf3 Nxf3 19. Bg2 Nxe1 20. Rxe1
Rxd5 21. exd5 f6 22. Be4 f5 23. Bd3 Qg4 24. Nc4 Qf4 25. Bf1 Qh6 26. b4 Qf6 27.
Bd4 Qg6 28. Nb6 Rb8 29. a4 f4 30. Bg2 Qh5 31. f3 Qg6 32. Bh3 Qh5 33. Bg4 Qg6
34. Re7 Qb1+ 35. Kg2 Qc2+ 36. Kh3 g6 37. Rg7+ Kf8 38. Rxh7 g5 39. Rg7 Qd1 40.
Rxg5 Qf1+ 41. Kh4 Qd3 42. Rf5+ Kg8 43. Kg5 1-0